[Event "Buenos Aires Philidor CC op"]
[Site "Buenos Aires"]
[Date "2019.09.27"]
[Round "1.1"]
[White "Raffin, Marcelo"]
[Black "Ferraro, Carlos"]
[Result "1/2-1/2"]
[WhiteElo "1909"]
[BlackElo "2127"]
[PlyCount "81"]
[EventDate "2019.09.27"]
[EventType "tourn (rapid)"]
[EventRounds "6"]
[EventCountry "ARG"]
[SourceTitle "EXT 2024"]
[Source "ChessBase"]
[SourceDate "2023.10.10"]
[SourceVersion "1"]
[SourceVersionDate "2023.10.10"]
[SourceQuality "1"]

1. d4 Nf6 2. c4 g6 3. Nc3 d5 4. cxd5 Nxd5 5. e4 Nxc3 6. bxc3 Bg7 7. Bb2 c5 8. Ne2 0-0 9. g3 Nc6 10. Bg2 Qb6 11. Rb1 cxd4 12. cxd4 Qa5+ 13. Bc3 Qxa2 14. 0-0 Rd8 15. Rb2 Qc4 16. Rd2 b6 17. Qa1 Bb7 18. Rfd1 a5 19. d5 Bxc3 20. Qxc3 Qxc3 21. Nxc3 Ne5 22. d6 exd6 23. Rxd6 Rxd6 24. Rxd6 Rc8 25. Rxb6 Rxc3 26. Rxb7 Rc1+ 27. Bf1 Nf3+ 28. Kg2 Nd2 29. Bd3 Rc3 30. Rd7 a4 31. Bb5 Nxe4 32. Bxa4 Nc5 33. Rd8+ Kg7 34. Be8 Nd3 35. Rd7 Ne5 36. Re7 Kf6 37. Rb7 Rc8 38. Ba4 Rd8 39. Bb3 Rd7 40. Rxd7 Nxd7 41. f4 1/2-1/2

[Event "Moron Faogba op"]
[Site "Moron"]
[Date "2018.03.10"]
[Round "4"]
[White "Mazza, Andres"]
[Black "Raffin, Marcelo"]
[Result "1-0"]
[WhiteElo "1804"]
[BlackElo "1696"]
[PlyCount "57"]
[EventDate "2018.03.03"]
[EventType "swiss"]
[EventRounds "7"]
[EventCountry "ARG"]
[SourceTitle "CBM 183 Extra"]
[Source "ChessBase"]
[SourceDate "2018.04.19"]
[SourceVersion "1"]
[SourceVersionDate "2018.04.19"]
[SourceQuality "1"]

1. g4 d5 2. h3 e5 3. d3 Ne7 4. Bg2 Ng6 5. Nc3 c6 6. e4 Nh4 7. Bf1 d4 8. Nce2 g5 9. Ng3 Na6 10. a3 Nc7 11. Nf3 Nxf3+ 12. Qxf3 Be7 13. Nf5 Bxf5 14. gxf5 Bf6 15. Qg3 Qe7 16. Be2 0-0-0 17. Bg4 Kb8 18. Bd2 Rdg8 19. Qf3 h6 20. Bh5 Ne8 21. Bb4 c5 22. Bd2 Nd6 23. Ke2 Qc7 24. Rhc1 Be7 25. c4 Rg7 26. f6 Rgg8 27. fxe7 Qxe7 28. b4 f5 29. bxc5 1-0

[Event "Buenos Aires Philidor CC Christmas"]
[Site "Buenos Aires"]
[Date "2017.12.??"]
[Round "5.5"]
[White "Mazza, Andres"]
[Black "Raffin, Marcelo"]
[Result "1-0"]
[WhiteElo "1895"]
[BlackElo "1899"]
[PlyCount "79"]
[EventDate "2017.12.04"]
[EventType "swiss"]
[EventRounds "6"]
[EventCountry "ARG"]
[SourceTitle "EXT 2024"]
[Source "ChessBase"]
[SourceDate "2023.10.10"]
[SourceVersion "1"]
[SourceVersionDate "2023.10.10"]
[SourceQuality "1"]

1. g4 d5 2. h3 e5 3. d3 Ne7 4. Bg2 Ng6 5. Nf3 c6 6. Nc3 Be7 7. e4 d4 8. Ne2 Nd7 9. Ng3 Bb4+ 10. Bd2 Bxd2+ 11. Qxd2 Nf4 12. 0-0 f6 13. Rae1 Nf8 14. Nf5 g6 15. Ng3 Be6 16. Kh2 Qe7 17. Qa5 h5 18. g5 b6 19. gxf6 Qxf6 20. Qxe5 Qxe5 21. Nxe5 g5 22. Nxc6 Rc8 23. Nxd4 Bd7 24. Ngf5 Bxf5 25. exf5+ Kf7 26. Re4 Kf6 27. h4 Nxg2 28. hxg5+ Kxg5 29. Kxg2 Nd7 30. Kh3 Kf6 31. Re6+ Kf7 32. Rg1 Nf6 33. Rg6 Nd5 34. Re4 Nf6 35. Re2 Nd5 36. Ne6 Rce8 37. c4 Rxe6 38. fxe6+ Kxg6 39. cxd5 Kf6 40. d6 1-0

[Event "Buenos Aires Philidor CC Christmas"]
[Site "Buenos Aires"]
[Date "2017.12.??"]
[Round "2.4"]
[White "Raffin, Marcelo"]
[Black "Migliavacca, Carlos"]
[Result "1-0"]
[WhiteElo "1899"]
[BlackElo "2006"]
[PlyCount "71"]
[EventDate "2017.12.04"]
[EventType "swiss"]
[EventRounds "6"]
[EventCountry "ARG"]
[SourceTitle "EXT 2024"]
[Source "ChessBase"]
[SourceDate "2023.10.10"]
[SourceVersion "1"]
[SourceVersionDate "2023.10.10"]
[SourceQuality "1"]

1. d4 d5 2. c4 dxc4 3. e4 e5 4. Nf3 Bg4 5. Qa4+ Bd7 6. Qxc4 b5 7. Qb3 exd4 8. Nxd4 a6 9. Be2 c5 10. Nf3 c4 11. Qd1 Bc5 12. Qd5 Bb4+ 13. Bd2 Bxd2+ 14. Nbxd2 Nc6 15. Ne5 Nxe5 16. Qxe5+ Ne7 17. Qxg7 Rg8 18. Qxh7 Rxg2 19. 0-0-0 c3 20. Bh5 cxb2+ 21. Kb1 Be6 22. Nc4 bxc4 23. Rxd8+ Rxd8 24. Qh8+ Ng8 25. Qxb2 Rg5 26. Qe2 Rb8+ 27. Ka1 Nf6 28. f4 Rgb5 29. f5 Nxh5 30. fxe6 fxe6 31. Qxc4 R8b6 32. Rf1 Nf6 33. Rd1 Kf7 34. Qc7+ Kg6 35. Rg1+ Kh5 36. Qf7+ 1-0

[Event "Buenos Aires Philidor CC op"]
[Site "Buenos Aires"]
[Date "2017.11.16"]
[Round "4"]
[White "Wald, Gabriel"]
[Black "Raffin, Marcelo"]
[Result "1-0"]
[WhiteElo "2023"]
[BlackElo "1705"]
[PlyCount "101"]
[EventDate "2017.11.07"]
[EventType "swiss"]
[EventRounds "7"]
[EventCountry "ARG"]
[SourceTitle "CBM 181 Extra"]
[Source "ChessBase"]
[SourceDate "2017.12.12"]
[SourceVersion "1"]
[SourceVersionDate "2017.12.12"]
[SourceQuality "1"]

1. d4 g6 2. e4 Bg7 3. c4 Nc6 4. Be3 d6 5. Nc3 Nf6 6. Be2 e5 7. d5 Ne7 8. Nf3 Bg4 9. h3 Bxf3 10. Bxf3 Qd7 11. b4 a6 12. 0-0 Nc8 13. a4 0-0 14. Rc1 Nb6 15. Qb3 Nc8 16. c5 Ne7 17. a5 Rfb8 18. cxd6 cxd6 19. Na4 Nc8 20. Bb6 Qe8 21. Bc7 h5 22. Bxb8 Rxb8 23. Rc7 Bh6 24. Qc2 Kg7 25. Rd1 Na7 26. Nb6 Nb5 27. Rc8 Rxc8 28. Nxc8 Qd8 29. Nb6 Nd4 30. Qd3 g5 31. g4 hxg4 32. Bxg4 Nxg4 33. hxg4 Qf6 34. Kg2 Qf4 35. f3 Kg6 36. Nc4 Bf8 37. Nd2 Be7 38. Nf1 Bd8 39. Ng3 Qf6 40. Nf5 Nxf5 41. exf5+ Kg7 42. Rh1 Qe7 43. Rh7+ Kg8 44. Rh5 f6 45. Qf1 Qg7 46. Qh1 b6 47. axb6 Bxb6 48. Rh6 Bd8 49. Rg6 Kf7 50. Rxg7+ Kxg7 51. Qa1 1-0

[Event "Moron Philidor CC U2200 15th"]
[Site "Buenos Aires"]
[Date "2017.09.21"]
[Round "6"]
[White "Raffin, Marcelo"]
[Black "Mazza, Andres"]
[Result "0-1"]
[WhiteElo "1676"]
[BlackElo "1798"]
[PlyCount "92"]
[EventDate "2017.09.12"]
[EventType "swiss"]
[EventRounds "7"]
[EventCountry "ARG"]
[SourceTitle "CBM 180 Extra"]
[Source "ChessBase"]
[SourceDate "2017.10.06"]
[SourceVersion "1"]
[SourceVersionDate "2017.10.06"]
[SourceQuality "1"]

1. d4 h6 2. e4 g5 3. Nf3 Bg7 4. Be3 d6 5. Nc3 Nc6 6. Bc4 Bd7 7. a3 e5 8. dxe5 Nxe5 9. Nxe5 Bxe5 10. Bd4 Bxd4 11. Qxd4 Qf6 12. Qe3 Ne7 13. 0-0-0 a6 14. f3 b5 15. Bd5 c6 16. Ba2 a5 17. Qd4 Qxd4 18. Rxd4 b4 19. axb4 axb4 20. Rxb4 c5 21. Rb6 Nc8 22. Rb7 Be6 23. Bxe6 fxe6 24. Rd1 0-0 25. Nb5 Ra1+ 26. Kd2 Rxd1+ 27. Kxd1 d5 28. exd5 exd5 29. Rd7 Nb6 30. Rd6 Rb8 31. Nc3 Nc4 32. Rxh6 d4 33. Ne4 Rxb2 34. Rg6+ Kf7 35. Rxg5 Ne3+ 36. Kc1 Rxc2+ 37. Kb1 c4 38. h4 c3 39. Nc5 Rb2+ 40. Kc1 Ra2 41. Nb3 Rc2+ 42. Kb1 Rb2+ 43. Kc1 Rxb3 44. Rc5 Rb2 45. h5 Rxg2 46. Kb1 Rh2 0-1

[Event "Moron Philidor CC U2200 15th"]
[Site "Buenos Aires"]
[Date "2017.09.12"]
[Round "1"]
[White "Raffin, Marcelo"]
[Black "Koch, Juan Enrique"]
[Result "0-1"]
[WhiteElo "1676"]
[BlackElo "1976"]
[PlyCount "58"]
[EventDate "2017.09.12"]
[EventType "swiss"]
[EventRounds "7"]
[EventCountry "ARG"]
[SourceTitle "CBM 180 Extra"]
[Source "ChessBase"]
[SourceDate "2017.10.06"]
[SourceVersion "1"]
[SourceVersionDate "2017.10.06"]
[SourceQuality "1"]

1. d4 Nf6 2. c4 c5 3. Nf3 cxd4 4. Nxd4 Nc6 5. Nc3 g6 6. g3 Bg7 7. Bg2 0-0 8. 0-0 Qb6 9. e3 d6 10. b3 Bg4 11. Qd2 a6 12. Bb2 Rac8 13. h3 Be6 14. Nce2 Bd7 15. Kh2 Rfd8 16. Bc3 Qc7 17. a4 e5 18. Nf3 Ne4 19. Qc2 Nxc3 20. Nxc3 Ne7 21. Rad1 Bc6 22. Rd2 b5 23. axb5 axb5 24. cxb5 Bxf3 25. Rc1 Bxg2 26. Kxg2 Qb7+ 27. f3 e4 28. Qxe4 Qxe4 29. fxe4 Rxc3 0-1

[Event "Moron Philidor CC U2200"]
[Site "Moron"]
[Date "2016.09.17"]
[Round "3"]
[White "Raffin, Marcelo"]
[Black "Diaz, Carlos Ezequiel"]
[Result "0-1"]
[WhiteElo "1689"]
[BlackElo "1646"]
[PlyCount "88"]
[EventDate "2016.09.13"]
[EventType "swiss"]
[EventRounds "7"]
[EventCountry "ARG"]
[SourceTitle "CBM 174 Extra"]
[Source "ChessBase"]
[SourceDate "2016.10.10"]
[SourceVersion "1"]
[SourceVersionDate "2016.10.10"]
[SourceQuality "1"]

1. d4 d5 2. c4 c6 3. cxd5 cxd5 4. Nc3 Nc6 5. Bf4 a6 6. e3 Nf6 7. h3 Qb6 8. Qc1 Bf5 9. Be2 e6 10. Nf3 Be7 11. 0-0 0-0 12. Nh4 Bg6 13. Nxg6 hxg6 14. a3 Rac8 15. Na4 Qa7 16. Qd1 Na5 17. Rc1 Ne4 18. Nc3 Nxc3 19. bxc3 Nc4 20. Bxc4 Rxc4 21. Qb3 b5 22. f3 Qb6 23. Rb1 Qa5 24. e4 Rxc3 25. Bd2 Rxb3 26. Bxa5 Rxa3 27. Bb4 Bxb4 28. Rxb4 Rc8 29. Rfb1 Rc4 30. Kf1 Ra4 31. Rxa4 Rxa4 32. Rd1 Kf8 33. Kf2 Ke7 34. Ke3 a5 35. Rc1 Rc4 36. Ra1 a4 37. g3 Kd7 38. g4 Kc6 39. g5 Kb6 40. Rd1 b4 41. Kf4 b3 42. Ke5 b2 43. Rb1 a3 44. exd5 exd5 0-1

[Event "Buenos Aires U2200"]
[Site "Buenos Aires"]
[Date "2015.10.31"]
[Round "7.21"]
[White "Raffin, Marcelo"]
[Black "Frangione, Francisco"]
[Result "0-1"]
[WhiteElo "1693"]
[BlackElo "1655"]
[PlyCount "64"]
[EventDate "2015.10.20"]
[EventType "swiss"]
[EventRounds "7"]
[EventCountry "ARG"]
[SourceTitle "EXT 2024"]
[Source "ChessBase"]
[SourceDate "2023.10.10"]
[SourceVersion "1"]
[SourceVersionDate "2023.10.10"]
[SourceQuality "1"]

1. d4 c5 2. d5 e5 3. e4 d6 4. c4 f5 5. Nc3 Nf6 6. Bd3 f4 7. g3 Bg4 8. Be2 fxg3 9. fxg3 Bd7 10. Bg5 Be7 11. Nf3 Qa5 12. 0-0 0-0 13. Bd2 Qd8 14. a4 a5 15. Qc2 Na6 16. Nb5 Nb4 17. Bxb4 cxb4 18. b3 Ng4 19. Qc1 Qb6+ 20. c5 dxc5 21. Bc4 Kh8 22. Qd1 Ne3 23. Qd3 Nxf1 24. Rxf1 Bh3 25. Rf2 Rf6 26. Nxe5 Rxf2 27. Kxf2 Rf8+ 28. Ke1 Qf6 29. Nd7 Qf2+ 30. Kd1 Qg1+ 31. Kd2 Rf2+ 32. Qe2 Bg5+ 0-1